| 000 | 00398nam a22001337a 4500 | ||
|---|---|---|---|
| 082 | _aP726 | ||
| 100 |
_aCapt M Mirza Asalm Syn#6 OD 33 _950988 |
||
| 245 |
_aSoil investigation report and design of foundation for over head water tank _bProject |
||
| 260 |
_aRisalpur, _bMCE, |
||
| 300 | _a101p. | ||
| 526 |
_a0 _b0 _c0 _dP_000000000000000_726 |
||
| 700 |
_aDr Noor Ul Amin _950989 |
||
| 942 |
_2ddc _cBK |
||
| 999 |
_c553725 _d553725 |
||